000 00421nam a2200181Ia 4500
005 20250423095308.0
008 250422s9999 xx 000 0 und d
020 _a0-8499-2849-4
050 _aML 420 .W24 K6/
100 _aKnaack, Twila
245 0 _aEthel Waters : I touched a sparrow
260 _aWaco, Texas
260 _bWord Books
260 _c1978
300 _a128 p
650 _aMusic
942 _cBK
999 _c29840
_d29840